Litwa Łotwa czy Estonia? -Quiz wielokrotnego wyboru - Statystyki

Ogólne statystyki
  • Ten quiz został rozwiązany 30 razy
  • Średni wynik to 11 z 15
Statystyki odpowiedzi
Zagadnienie Odpowiedź % Poprawnych
Wilno Litwa
100%
Tallinn Estonia
95%
Ryga Łotwa
95%
Kärla Estonia
90%
Poniewież Litwa
85%
Tartu Estonia
80%
Połąga Litwa
80%
Tārgale Łotwa
70%
Narwa Estonia
65%
Baltinava Łotwa
65%
Nida Litwa
60%
Nowe Okmiany Litwa
60%
Mazsalaca Łotwa
50%
Kieś Łotwa
40%
Reigi Estonia
15%
Nie znaleziono quizów pasujących do podanych kryteriów
Rozkład punktacji
Procent ludzi z każdym wynikiem
Percentyl według liczby udzielonych odpowiedzi
Twoja historia wyników
Nie rozwiązałeś tego quizu